00466nam a2200169Ia 450000500170000000800410001704000190005804100120007708200150008910000160010424500580012026000270017830000150020550400190022065000470023985000100028620230216134851.0131103s9999 xx 000 0 und d aLoreto College aEnglish a820.9bWAR aWard, A. C. aIllustrated history of english literaturecA. C. Ward aLondonbLongmansc1959 a3v.b ill. aIncludes index aEnglish Literature - History and Criticism aLCLIB